000 nam a22 7a 4500
999 _c10422
_d10422
008 180216b ||||| |||| 00| 0 eng d
100 _aKaur, G
_96364
245 _aComputers at Era
260 _aNew Delhi
_bPurble Publication
_c2012